000 01152nam a22003737a 4500
001 BR0303345
003 BR-BrBNA
005 20230928101316.0
007 ta
008 230509b bl.||||| |||| 00| 0 por d
040 _aBR-BrBNA
_bpor
_cBiblioteca Nacional de Agricultura
041 _a(Por)
072 _aH10
_b4020
090 _ 4020 BR0303345
100 1 _aLaranjeiro, A.J.
110 1 _aEscola Superior de Agricultura Luiz de Queiroz, Piracicaba, SP (Brasil)
_0Tese (Doutor em Ciências)
245 1 _aEstabilidade da entomofauna num mosaico de plantação de eucalipto e áreas naturais de conservação
260 3 _aPiracicaba, SP (Brasil):
_c2003.
300 _a142 p.
500 _aSummaries (Eng, Por); Bibliography p. 136-142; 80 illus.; 9 tables
650 _aINSETO
650 _aPRAGA DE PLANTA
650 _aARMADILHA
650 _aENTOMOFAUNA
650 _aBIODIVERSIDADE
650 _aMANEJO DO SOLO
650 _aIMPACTO AMBIENTAL
650 _aPLANTIO
650 _aEUCALIPTO
650 _aPRESERVAÇÃO DA NATUREZA
650 _aESPIRITO SANTO
909 _a202309
_bLucia
_c55
_dLucia Elande
942 _cBK
999 _c65194
_d65194